| 000 | 00696nam a2200193 a 4500 | ||
|---|---|---|---|
| 001 | 20639 | ||
| 003 | CO-ViMGA | ||
| 008 | 141112s2004 ck r 000 u spa d | ||
| 020 | _a9706077111 | ||
| 040 |
_aCO-ViMGA _bspa _cCO-ViMGA |
||
| 082 | _aR423.61 L176 | ||
| 245 | 1 | 0 |
_aLarousse : _bDiccionario general español - ingles - english - spanish |
| 260 |
_aBarcelona : _bLarousse, _c2003 |
||
| 300 | _a509p | ||
| 590 | _aForma de adquisición : Compra fact.0547 - - Precio : 150000 - - Proveedor : Temas y libros - - Fecha de adquisición : Abril 2006 - - Ejemplares : 2 | ||
| 650 | 1 | 4 |
_aESPAÑOL - DICCIONARIO - INGLES _95687 |
| 650 | 1 | 4 |
_aINGLES - DICCIONARIO - ESPAÑOL _95688 |
| 942 |
_2ddc _cBK |
||
| 999 |
_c11595 _d11595 |
||